000 00647nam a2200205 a 4500
999 _c1945
_d1945
001 1945
003 BD-JhCC
005 20171026174652.0
008 171026s1985 bg |||| |||| 000 0 ben d
035 _a(BD-JhCC)1945
040 _aBD-JhCC
_dBD-JhCC
041 _aben
082 _a891.4409
_bEKS 1985
245 _aএকুশের প্রবন্ধ /
_cবাংলা একাডেমী
260 _aঢাকা :
_bবাংলা একাডেমী,
_c১৯৮৫.
300 _a১২৭ পৃ. :
_c২১ সেমি.
650 _aBengali Literature
700 _aবাংলা একাডেমী
942 _2ddc
_cBK